| 000 | 00462cam a22001575a 4500 | ||
|---|---|---|---|
| 001 | J100971 | ||
| 008 | 000000s1932 xxk 000 0 eng u | ||
| 035 | _a(Sirsi) u100971 | ||
| 110 |
_aChartered Surveyors' Institution _92274 |
||
| 245 | _aOctavia Hill methods of managing property. Lancashire and Cheshire County Branch, December 1932. | ||
| 260 | _c1932 | ||
| 300 | _a7p. | ||
| 651 | 4 |
_aUnited Kingdom _y |
|
| 690 |
_aProperty management _96262 |
||
| 942 | _n0 | ||
| 999 |
_c99959 _d99959 |
||